| 000 | 00630ntaaa2200205 4500 | ||
|---|---|---|---|
| 003 | 01 | ||
| 005 | 20251027202207.0 | ||
| 008 | 0714s1973 ag 01 | ||
| 040 |
_aAR-BaBN _bspa _cAR-BaBN _eaacr _dRIC |
||
| 082 | _a267.4000 W84 | ||
| 100 | _aWoman's Missionary Union | ||
| 245 | _aWoman's Missionary society manual | ||
| 250 | _a1 ed. | ||
| 260 |
_aBirmingham, Ala. : _bWoman's Missionary Union, _cs.f. |
||
| 300 | _a138 p | ||
| 500 | _aEjs. 2 and 3 (19120 and 19946) retirados definitivamente de biblioteca | ||
| 650 |
_aSociedad femenil misionera _910447 |
||
| 650 |
_aManual, sociedad femenil misionera _920513 |
||
| 942 | _cBK | ||
| 999 |
_c16864 _d16864 |
||